| 000 | 00412nam a2200121Ia 4500 | ||
|---|---|---|---|
| 008 | 220620s9999||||xx |||||||||||||| ||und|| | ||
| 245 | 0 |
_aSystems and Computational Biology _bMolecular and Cellular Experimental Systems |
|
| 546 | _aEnglish[eng] | ||
| 650 | _aMedical bioinformatics | ||
| 700 | _aYang, Ning-Sun | ||
| 856 | _uhttps://mts.intechopen.com/storage/books/260/authors_book/authors_book.pdf | ||
| 942 | _cEB | ||
| 999 |
_c35073 _d35073 |
||